[Event "GER-chT U14"]
[Site "Magdeburg"]
[Date "2012.12.29"]
[Round "5.2"]
[White "Shankar, Ajay"]
[Black "Wiesner, Alexander"]
[Result "0-1"]
[WhiteElo "1556"]
[BlackElo "1644"]
[PlyCount "120"]
[EventDate "2012.12.27"]
[EventType "team-swiss"]
[EventRounds "7"]
[EventCountry "GER"]
[SourceTitle "EXT 2014"]
[Source "ChessBase"]
[SourceDate "2013.11.20"]
[SourceVersion "1"]
[SourceVersionDate "2013.11.20"]
[SourceQuality "1"]
[WhiteTeam "Hohentuebingen"]
[BlackTeam "Karlsruhe 1853"]
[WhiteTeamCountry "GER"]
[BlackTeamCountry "GER"]

1. d4 d5 2. c4 Nc6 3. Nf3 Bg4 4. e3 dxc4 5. Bxc4 e5 6. Qb3 Bb4+ 7. Bd2 Bxf3 8. Bxf7+ Kf8 9. Bxb4+ Nxb4 10. Qxb4+ Kxf7 11. gxf3 exd4 12. Qc4+ Kf8 13. Nd2 dxe3 14. fxe3 Qe7 15. Ke2 Nf6 16. Rac1 c6 17. Rhg1 Rg8 18. Qc5 a6 19. Qxe7+ Kxe7 20. e4 g5 21. Rc5 h6 22. Re5+ Kd7 23. Nc4 Rae8 24. Rd1+ Kc7 25. Rf5 Re6 26. Ne3 g4 27. fxg4 Nxg4 28. Rg1 Rxe4 29. Rf3 Rg5 30. Rh3 Rxe3+ 31. Rxe3 Nxe3 32. Rxg5 hxg5 33. Kxe3 Kd6 34. Ke4 Ke6 35. Kf3 Kf5 36. h3 c5 37. Ke3 b5 38. Kf3 a5 39. Ke3 a4 40. Kf3 b4 41. Ke3 c4 42. Kd4 Kf4 43. Kxc4 Kg3 44. Kxb4 Kxh3 45. Kxa4 g4 46. b4 g3 47. Ka5 g2 48. a4 g1Q 49. Ka6 Qd4 50. Kb5 Qd5+ 51. Kb6 Qc4 52. Ka5 Kg4 53. b5 Kf5 54. b6 Ke6 55. b7 Qb3 56. Ka6 Qxa4+ 57. Kb6 Qb4+ 58. Ka6 Kd6 59. Ka7 Qa4+ 60. Kb8 Kc6 0-1

[Event "GER-chT U14"]
[Site "Magdeburg"]
[Date "2012.12.27"]
[Round "2.2"]
[White "Dechant, Georg"]
[Black "Shankar, Ajay"]
[Result "1-0"]
[WhiteElo "1587"]
[BlackElo "1556"]
[PlyCount "47"]
[EventDate "2012.12.27"]
[EventType "team-swiss"]
[EventRounds "7"]
[EventCountry "GER"]
[SourceTitle "EXT 2014"]
[Source "ChessBase"]
[SourceDate "2013.11.20"]
[SourceVersion "1"]
[SourceVersionDate "2013.11.20"]
[SourceQuality "1"]
[WhiteTeam "Regensburg Bavaria"]
[BlackTeam "Hohentuebingen"]
[WhiteTeamCountry "GER"]
[BlackTeamCountry "GER"]

1. e4 c5 2. Nf3 Nc6 3. d4 cxd4 4. Nxd4 g6 5. Nc3 Bg7 6. Be3 d6 7. Qd2 a6 8. 0-0-0 Bd7 9. h4 h5 10. Nd5 Nf6 11. Nxc6 Bxc6 12. Bb6 Bh6 13. f4 Nxd5 14. Bxd8 Bxf4 15. exd5 Bxd2+ 16. Rxd2 Bxd5 17. Bxe7 Kxe7 18. Rxd5 Rac8 19. Bd3 Rc6 20. Re1+ Kf6 21. Rd4 Rd8 22. Rf4+ Kg7 23. Re7 b5 24. Rfxf7+ 1-0

[Event "Stuttgart-chB int"]
[Site "Ditzingen"]
[Date "2012.05.19"]
[Round "6"]
[White "Shankar, Ajay"]
[Black "Wenzel, Ulrich"]
[Result "1/2-1/2"]
[WhiteElo "1554"]
[BlackElo "1746"]
[PlyCount "47"]
[EventDate "2012.05.17"]
[EventType "swiss"]
[EventRounds "7"]
[EventCountry "GER"]
[SourceTitle "EXT 2018"]
[Source "ChessBase"]
[SourceDate "2017.10.13"]
[SourceVersion "1"]
[SourceVersionDate "2017.10.13"]
[SourceQuality "1"]

1. d4 Nf6 2. c4 e6 3. Nc3 Bb4 4. Bg5 c5 5. e3 d6 6. Nf3 Nc6 7. Bd3 Bxc3+ 8. bxc3 b6 9. Qa4 Qd7 10. d5 Na5 11. Qxd7+ Bxd7 12. 0-0 e5 13. Nd2 h6 14. Bxf6 gxf6 15. f4 Ke7 16. fxe5 fxe5 17. Ne4 f5 18. Ng3 e4 19. Be2 Raf8 20. Rf4 Rf6 21. Raf1 Rhf8 22. Nxe4 fxe4 23. Rxe4+ Kd8 24. h3 1/2-1/2

[Event "Stuttgart-chB int"]
[Site "Ditzingen"]
[Date "2012.05.18"]
[Round "4"]
[White "Shankar, Ajay"]
[Black "Tsybulevsky, Juri"]
[Result "1-0"]
[WhiteElo "1554"]
[BlackElo "1676"]
[PlyCount "91"]
[EventDate "2012.05.17"]
[EventType "swiss"]
[EventRounds "7"]
[EventCountry "GER"]
[SourceTitle "EXT 2018"]
[Source "ChessBase"]
[SourceDate "2017.10.13"]
[SourceVersion "1"]
[SourceVersionDate "2017.10.13"]
[SourceQuality "1"]

1. d4 Nf6 2. c4 b6 3. Nc3 e6 4. a3 Bb7 5. Bg5 Be7 6. e3 c5 7. Nf3 d6 8. Bd3 Nbd7 9. 0-0 h6 10. Bh4 a6 11. Rb1 d5 12. b3 Ne4 13. Bxe7 Qxe7 14. Bxe4 dxe4 15. Nd2 f5 16. Qh5+ Kf8 17. f3 Nf6 18. Qg6 cxd4 19. exd4 exf3 20. Nxf3 Rd8 21. Qg3 g5 22. Ne5 Rg8 23. Qd3 Qd6 24. Rbd1 Kg7 25. Qh3 g4 26. Qh4 Rdf8 27. Ne2 Be4 28. Nf4 Kh7 29. c5 bxc5 30. Nc4 Qe7 31. dxc5 Qxc5+ 32. Kh1 Bd5 33. Rxd5 exd5 34. Ne6 Qe7 35. Nxf8+ Rxf8 36. Re1 Qc5 37. Re6 Qd4 38. Nd6 Qf4 39. Qe1 Ne4 40. Re7+ Kg8 41. Qa1 Qg5 42. Rd7 Nf6 43. Ra7 g3 44. hxg3 Qxg3 45. Nxf5 Qf4 46. Ne7+ 1-0

[Event "Stuttgart-chB int"]
[Site "Ditzingen"]
[Date "2012.05.17"]
[Round "2"]
[White "Gheng, Hannelore"]
[Black "Shankar, Ajay"]
[Result "1-0"]
[WhiteElo "1691"]
[BlackElo "1554"]
[PlyCount "29"]
[EventDate "2012.05.17"]
[EventType "swiss"]
[EventRounds "7"]
[EventCountry "GER"]
[SourceTitle "EXT 2018"]
[Source "ChessBase"]
[SourceDate "2017.10.13"]
[SourceVersion "1"]
[SourceVersionDate "2017.10.13"]
[SourceQuality "1"]

1. e4 e5 2. Nf3 Nc6 3. Bc4 Bc5 4. c3 Nf6 5. d4 exd4 6. cxd4 Bb4+ 7. Nc3 0-0 8. e5 Ne4 9. 0-0 Nxc3 10. bxc3 Bxc3 11. Ng5 Bxa1 12. Qh5 h6 13. Nxf7 Rxf7 14. Qxf7+ Kh8 15. Bg5 1-0